House M.D. Characters by Picture - Statistics

General Stats
  • This quiz has been taken 535 times
  • The average score is 11 of 14
Answer Stats
Picture Answer % Correct
Gregory House
99%
Lisa Cuddy
97%
Robert Chase
97%
James Wilson
96%
Eric Foreman
95%
Remy "13" Hadley
93%
Alisson Cameron
92%
Chris Taub
80%
Amber Volakis
78%
Lawrence Kutner
77%
Stacy Warner
59%
Martha M. Masters
50%
Chi Park
48%
Jessica Adams
33%
No matching quizzes found
Score Distribution
Percent of People with Each Score
Percentile by Number Answered
Your Score History
You have not taken this quiz